Ethics in Organizatiions. (Record no. 18099)

MARC details
000 -LEADER
fixed length control field 00633nam a2200253 a 4500
020 ## - INTERNATIONAL STANDARD BOOK NUMBER
ISBN 8124287
082 00 - DEWEY DECIMAL CLASSIFICATION NUMBER
Classification number 170
Author Cutter MUR
100 ## - MAIN ENTRY--AUTHOR NAME
Author name Murray, David
245 ## - TITLE STATEMENT
Title Ethics in Organizatiions.
260 ## - PUBLICATION, DISTRIBUTION, ETC. (IMPRINT)
Place of publication New Delhi
Name of publisher Crest Publishing House
Year of publication 2001
300 ## - PHYSICAL DESCRIPTION
Number of Pages 239p
500 ## - GENERAL NOTE
General note includes index and biblioraphy
505 2# - FORMATTED CONTENTS NOTE
Formatted contents note Index
650 ## - SUBJECT ADDED ENTRY--TOPICAL TERM
Topical Term Ethics And Profession
650 ## - SUBJECT ADDED ENTRY--TOPICAL TERM
Topical Term Organization-Management
942 ## - ADDED ENTRY ELEMENTS (KOHA)
Koha item type Books
700 1# -
-- Murray, David
Holdings
Collection code Home library Current library Date acquired Cost, normal purchase price Full call number Accession Number Koha item type
  Henry Martyn Institute Library Henry Martyn Institute Library 03/07/2008 195.00 170 MUR 11001122 Books
                   Copyright © 2026 | Henry Martyn Institute | Hyderabad | TS-500052 | INDIA | Implemented by hmi.edu.in
Hit-Count:

Powered by Koha